Qisasul Ambiya Part I, II, III, in Tamil (Record no. 4731)
[ view plain ]
| 000 -LEADER | |
|---|---|
| fixed length control field | 00555nam a2200229 a 4500 |
| 020 ## - INTERNATIONAL STANDARD BOOK NUMBER | |
| ISBN | |
| 082 00 - DEWEY DECIMAL CLASSIFICATION NUMBER | |
| Classification number | 297.24 |
| Author Cutter | HAZ |
| 100 ## - MAIN ENTRY--AUTHOR NAME | |
| Author name | Hazool, |
| 245 ## - TITLE STATEMENT | |
| Title | Qisasul Ambiya Part I, II, III, in Tamil |
| 260 ## - PUBLICATION, DISTRIBUTION, ETC. (IMPRINT) | |
| Place of publication | Madras |
| Name of publisher | Hameedia Press |
| Year of publication | 1951 |
| 300 ## - PHYSICAL DESCRIPTION | |
| Number of Pages | 646p |
| 500 ## - GENERAL NOTE | |
| General note | includes index and biblioraphy |
| 650 ## - SUBJECT ADDED ENTRY--TOPICAL TERM | |
| Topical Term | Prophets in the Quran |
| 942 ## - ADDED ENTRY ELEMENTS (KOHA) | |
| Koha item type | Books |
| 700 1# - | |
| -- | Hazool, |
| Collection code | Home library | Current library | Date acquired | Cost, normal purchase price | Full call number | Accession Number | Koha item type |
|---|---|---|---|---|---|---|---|
| Henry Martyn Institute Library | Henry Martyn Institute Library | 07/18/2007 | 100.00 | 297.24 HAZ | 05970 | Books |
